Business ethics now / (Record no. 288371)
[ view plain ]
| 000 -LEADER | |
|---|---|
| fixed length control field | 01309nam a22002775i 4500 |
| 001 - CONTROL NUMBER | |
| control field | SSB064092 |
| 003 - CONTROL NUMBER IDENTIFIER | |
| control field | SISC |
| 005 - DATE AND TIME OF LATEST TRANSACTION | |
| control field | 20170130154632.0 |
| 008 - FIXED-LENGTH DATA ELEMENTS--GENERAL INFORMATION | |
| fixed length control field | 130520s2014 nyu 000 0 eng |
| 010 ## - LIBRARY OF CONGRESS CONTROL NUMBER | |
| LC control number | 2013940889 |
| 020 ## - INTERNATIONAL STANDARD BOOK NUMBER | |
| International Standard Book Number | 9781259095092 (alk. paper) |
| 040 ## - CATALOGING SOURCE | |
| Original cataloging agency | DLC |
| Language of cataloging | eng |
| Description conventions | rda |
| Transcribing agency | DLC |
| 042 ## - AUTHENTICATION CODE | |
| Authentication code | pcc |
| 050 ## - LIBRARY OF CONGRESS CALL NUMBER | |
| Classification number | HF 5387 |
| Item number | .G344 2014 |
| 100 1# - MAIN ENTRY--PERSONAL NAME | |
| Personal name | Ghillyer, Andrew. |
| 245 10 - TITLE STATEMENT | |
| Title | Business ethics now / |
| Statement of responsibility, etc | Andrew Ghillyer. |
| 250 ## - EDITION STATEMENT | |
| Edition statement | 4th edition. |
| 260 ## - PUBLICATION, DISTRIBUTION, ETC. (IMPRINT) | |
| Place of publication, distribution, etc | New York : |
| Name of publisher, distributor, etc | McGraw-Hill, |
| Date of publication, distribution, etc | 2014. |
| 263 ## - PROJECTED PUBLICATION DATE | |
| Projected publication date | 1408. |
| 300 ## - PHYSICAL DESCRIPTION | |
| Extent | xii, 228 pages : |
| Other physical details | color illustrations ; |
| Dimensions | 28 cm. |
| 500 ## - GENERAL NOTE | |
| General note | Includes bibliographical references and index. |
| 505 ## - FORMATTED CONTENTS NOTE | |
| Formatted contents note | Part I: Defining Business Ethics -- Chapter 1 Understanding Ethics -- Chapter 2 Defining Business Ethics -- Part II: The Practice of Business Ethics -- Chapter 3 Organizational Ethics -- Chapter 4 Corporate Social Responsibility -- Chapter 5 Corporate Governance -- Chapter 6 The Role of Government -- Chapter 7 Blowing the Whistle -- Chapter 8 Ethics and Technology -- Part III: The Future of Business Ethics -- Chapter 9 Ethics and Globalization -- Chapter 10 Making it Stick: Doing What's Right in a Competitive Market. |
| 650 ## - SUBJECT ADDED ENTRY--TOPICAL TERM | |
| Topical term or geographic name as entry element | Business ethics. |
| 650 ## - SUBJECT ADDED ENTRY--TOPICAL TERM | |
| Topical term or geographic name as entry element | Business ethics |
| Form subdivision | Case studies. |
| 942 ## - ADDED ENTRY ELEMENTS (KOHA) | |
| Source of classification or shelving scheme | Library of Congress Classification |
| Koha item type | Books |
| Call number prefix | Foreign |
| Withdrawn status | Lost status | Source of classification or shelving scheme | Damaged status | Home library | Current library | Shelving location | Date acquired | Source of acquisition | Cost, normal purchase price | Total Checkouts | Full call number | Barcode | Date last seen | Price effective from | Koha item type |
|---|---|---|---|---|---|---|---|---|---|---|---|---|---|---|---|
| Library of Congress Classification | College Library | College Library | Reserve Section | 08/07/2015 | Library Fund | 1848.00 | HF 5387 .G344 2014 | C19692 | 05/15/2018 | 08/07/2015 | Books |